|
|
|
|
| LEADER |
00000nab a2200000 a 4500 |
| 001 |
vtls000659786 |
| 003 |
SK-MaSNL |
| 005 |
20260302183640.0 |
| 008 |
140422c1998 xo 0 slo |
| 015 |
|
|
|a SNBRA1998/04-13783
|
| 035 |
|
|
|a CLN000011978
|
| 040 |
|
|
|a SNKBUCL
|b slo
|c SNKBUCL
|e AACR2
|
| 041 |
0 |
|
|a slo
|
| 044 |
|
|
|a xo
|c SK
|
| 080 |
|
|
|a 730.071.1:061.4
|2 1997
|
| 100 |
1 |
|
|a Paukov, Marián,
|d 1950-
|4 aut
|9 122102
|
| 245 |
1 |
0 |
|a Archaickí novátori
|c Marián Paukov
|
| 300 |
|
|
|b Fotogr.
|
| 600 |
1 |
7 |
|a Moravčík, Michal,
|d 1974-2016
|2 snkbucl
|9 180345
|
| 600 |
1 |
7 |
|a Bača, Dalibor,
|d 1973-
|2 snkbucl
|9 897601
|
| 600 |
1 |
7 |
|a Valach, Peter
|2 snkbucl
|9 5645
|
| 655 |
|
7 |
|a články z novín a časopisov
|2 snkbucl
|9 267496
|
| 773 |
0 |
|
|t Literárny týždenník
|g Roč. 11, č. 14 (1998), s. 15
|x 0862-5999
|
| 850 |
|
|
|a Slovenská národná knižnica v Martine
|
| 852 |
|
|
|a SNK
|b KIS3GCP
|
| 958 |
|
|
|a SK
|
| 992 |
|
|
|a RBX
|
| 999 |
|
|
|c 1422437
|d 1424367
|